000 00608nam a2200229Ia 4500
003 OSt
005 20220926033944.0
006 a|||||r|||| 00| 0
007 ta
008 220923b |||||||| |||| 00| 0 eng d
037 _cGeneral Book
040 _aRTL
_cRTL
_beng
041 _2eng
_aeng
082 _aY:73.M2, A
100 _aTucker George
245 0 _aEssays on various subjects of taste , morals and
260 _aWashington
_c1700
300 _a336p
_ccm.
650 _aSocial Personility
_9339856
942 _hY:73.M2, A
_cGB
_2CC
999 _c658451
_d658451